| 000 | 00875cam a2200145ua 4500 | ||
|---|---|---|---|
| 041 |
_aeng _h |
||
| 082 |
_a631.348 _bIND/TE |
||
| 110 | 1 |
_aIndian Standard Institution . _b _c(New Delhi ) |
|
| 245 | _aTest code for power operated hydraulic sprayer, IS:8548-1977 | ||
| 260 |
_aNew Delhi : _bIndian Standards Institution , _c1978. |
||
| 300 | _a24 ; . | ||
| 504 | _a | ||
| 942 | _cBK | ||
| 999 |
_c4491 _d4491 |
||